Invalidez e ineficacia del negocio jurídico / (Registro nro. 7336)

Detalles MARC
000 -LEADER
fixed length control field 00885nam a22002297a 4500
003 - CONTROL NUMBER IDENTIFIER
control field OSt
005 - DATE AND TIME OF LATEST TRANSACTION
control field 20210225154857.0
008 - FIXED-LENGTH DATA ELEMENTS--GENERAL INFORMATION
fixed length control field 210225s1989 ck ||||fr|||| 00| 0dspa d
040 ## - CATALOGING SOURCE
Original cataloging agency CO-JMCR
Transcribing agency CO-JMCR
041 0# - LANGUAGE CODE
Language code of text/sound track or separate title spa
082 04 - DEWEY DECIMAL CLASSIFICATION NUMBER
Classification number 347.7 /
Item number V432i
Edition number 23
100 1# - MAIN ENTRY--PERSONAL NAME
Personal name Vela Camelo, Jaime Humberto,
Relator term autor
9 (RLIN) 13965
245 10 - TITLE STATEMENT
Title Invalidez e ineficacia del negocio jurídico /
Statement of responsibility, etc. Jaime Humberto Vela Camelo
250 ## - EDITION STATEMENT
Edition statement Primer edición
260 ## - PUBLICATION, DISTRIBUTION, ETC.
Place of publication, distribution, etc. Bogotá :
Name of publisher, distributor, etc. Editorial Jurídica Radar,
Date of publication, distribution, etc. 1989
300 ## - PHYSICAL DESCRIPTION
Extent xix, 242 páginas ;
Dimensions 24 cm.
500 ## - GENERAL NOTE
General note Incluye notas a pie de página y datos biográficos del autor.
505 0# - FORMATTED CONTENTS NOTE
Formatted contents note Generalidades del negocio jurídico -- Invalidez e ineficacia del negocio jurídico -- Legislación, jurisprudencia y doctrina
650 14 - SUBJECT ADDED ENTRY--TOPICAL TERM
Topical term or geographic name entry element Negocios
General subdivision legislación
Geographic subdivision Colombia
9 (RLIN) 13966
650 24 - SUBJECT ADDED ENTRY--TOPICAL TERM
Topical term or geographic name entry element Actos jurídicos
Geographic subdivision Colombia
9 (RLIN) 13967
942 ## - ADDED ENTRY ELEMENTS (KOHA)
Source of classification or shelving scheme Dewey Decimal Classification
Koha item type Books
Existencias
Withdrawn status Lost status Source of classification or shelving scheme Damaged status Not for loan Collection code Home library Current library Date acquired Source of acquisition Total Checkouts Full call number Barcode Date last seen Copy number Price effective from Koha item type
    Dewey Decimal Classification     Non-fiction Biblioteca Pública José María del Castillo y Rada Biblioteca Pública José María del Castillo y Rada 02/25/2021 Donación   347.7 / V432i 201810620 05/16/2024 Ej.1 02/25/2021 Books